Score 0/12 Timer 10:00
0 Plays Today
% Correct
265 cid
57.6%
350 cid
55.9%
376 cid
45.8%
350 cid
44.1%
350 cid
35.6%
427
32.2%
350 cid
23.7%
454 cid
22%
376 cid
22%
427 cid
20.3%
327 cid
18.6%
396 cid
11.9%
Come Together.
Have Fun.
All Virtual.
We all need to come together. Play Sporcle's virtual live trivia to have fun, connect with people, and get your trivia on. Join a live hosted trivia game for your favorite pub trivia experience done virtually. If a virtual private party is more your thing, go here for details.

You're not logged in!

Compare scores with friends on all Sporcle quizzes.
OR
Log In

Sporcle TV

Today on Sporcle TV


Watch our educational content, quiz creation guides, and fun videos on Sporcle TV.

Show Comments

Extras

Top Quizzes Today


Score Distribution

Paid Content

Your Account Isn't Verified!

In order to create a playlist on Sporcle, you need to verify the email address you used during registration. Go to your Sporcle Settings to finish the process.

Report this User

Report this user for behavior that violates our Community Guidelines.

Details: